000 nmm a22 7a 4500
999 _c63760
_d63760
008 181113s2015 ua a|||fq||d| 001 0 eng d
040 _aEAL
_cEAL
041 _aeng
_bara
043 _af-ua
090 _aCD-4336
100 1 _aAhmed, Osama Abd El - Badia El - Sayed Sayed.
_923042
245 1 0 _aFurther studies on stem rust disease of wheat in Egypt
_h[electronic resource] /
_cOsama Abd El-Badia El-Sayed Sayed Ahmed
246 1 5 _aدراسات متقدمة على مرض صدأ الساق على القمح فى مصر
260 _c2015.
347 _a text file
_b PDF
502 _aThesis (Ph.D.) -- Mansoura University, 2015.
504 _aIncludes bibliographical references (Leaves 108-125)
538 _aSystems requirements : Adobe Reader
546 _aSummary in Arabic
650 0 _aPuccinia graminis
_zEgypt
_923044
650 0 _aWheat
_zDiseases and pests
_xEgypt
_923591
650 0 _aWheat rusts
_xEgypt
_923592
856 4 0 _uhttp://nile.enal.sci.eg/thesis/4336.pdf
_zContent & Abstract
910 _aname:
942 _cE-Thesis
_2alc